Central Library OPAC University of Rajshahi

আমাদের সঙ্গীত ইতিহাসের আলোকে / (Record no. 47863)

MARC details
000 -LEADER
fixed length control field 00845nam a2200229 a 4500
001 - CONTROL NUMBER
control field 47863
003 - CONTROL NUMBER IDENTIFIER
rucl marc code BD-RjUL
005 - DATE AND TIME OF LATEST TRANSACTION
control field 20211209054417.0
008 - FIXED-LENGTH DATA ELEMENTS--GENERAL INFORMATION
fixed length control field 160810s1981 bg ||||| |||| 00| 0 ben d
020 ## - INTERNATIONAL STANDARD BOOK NUMBER
Terms of availability : Tk. 35.00
035 ## - SYSTEM CONTROL NUMBER
System control number (BD-RjUL)47982
040 ## - CATALOGING SOURCE
Original cataloging agency BD-RjUL
Language of cataloging ben
Transcribing agency BD-RjUL
041 ## - LANGUAGE CODE
Language code of text/sound track or separate title ben
082 ## - DEWEY DECIMAL CLASSIFICATION NUMBER
Edition number 23
Classification number 780.09
Author mark and year MUA 1981
100 ## - MAIN ENTRY--PERSONAL NAME
Personal name মুস্তাফা, ম ন
9 (RLIN) 145282
245 ## - TITLE STATEMENT
Title আমাদের সঙ্গীত ইতিহাসের আলোকে /
260 ## - PUBLICATION, DISTRIBUTION, ETC. (IMPRINT)
Place of publication, distribution, etc. ঢাকা :
Name of publisher, distributor, etc. বাংলা শিল্পকলা একাডেমী,
Date of publication, distribution, etc. ১৯৮১
300 ## - PHYSICAL DESCRIPTION
Pagination [২০], ২৩৬ পৃ. :
Illustrations চিত্র ;
Size ২১ সেমি.
650 ## - SUBJECT ADDED ENTRY--TOPICAL TERM
Topical term or geographic name as entry element গান
Form subdivision ইতিহাস ও সমালোচনা
9 (RLIN) 123057
Topical term or geographic name as entry element Music
Form subdivision History and criticism
9 (RLIN) 123058
942 ## - ADDED ENTRY ELEMENTS (KOHA)
Source of classification or shelving scheme Dewey Decimal Classification
Koha item type Books
Holdings
Lost status Source of classification or shelving scheme Damaged status Not for loan Collection code Permanent Location Current Location Shelving location Date acquired Source of acquisition Cost, normal purchase price Total Checkouts Full call number Date last seen Copy number Koha item type Date checked out
  Dewey Decimal Classification     Non-fiction Central Library, University of Rajshahi Central Library, University of Rajshahi   25/10/1984 Shilpa niketon, Dacca 35.00   B 780.09 MUA 1981 10/08/2016 C-2 Books  
  Dewey Decimal Classification     Non-fiction Central Library, University of Rajshahi Central Library, University of Rajshahi   25/10/1984 Shilpokola Academy 35.00 1 B 780.09 MUA 1981 08/02/2018 C-3 Books 07/02/2018
  Dewey Decimal Classification   Not For Loan Non-fiction Central Library, University of Rajshahi Central Library, University of Rajshahi Reading Room 05/04/1984 R.U.C.L. 35.00   B 780.09 MUA 1981 09/03/2017 C-1 Books